Hauptstädte mit dem Buchstaben I als zweitem Buchstaben - Statistiken

Allgemein
  • Dieses Quiz wurde 1.253 mal gespielt
  • Das Durchschnittsergebnis liegt bei 18 aus 26
Antwortstatistiken
Hauptstadt % Korrekt
Lissabon
85%
Lima
84%
Wien
84%
MInsk
81%
Vilnius
81%
Kigali
79%
Kiew
78%
Riga
78%
Bischkek
76%
Tirana
75%
Tiflis
74%
Singapur
70%
Gitega
69%
Kingston
69%
Kingstown
69%
Kinshasa
69%
Dili
68%
Lilongwe
63%
Nikosia
63%
Vientiane
63%
Libreville
61%
Niamey
61%
Riad
61%
Windhoek
60%
Bissau
57%
Victoria
45%
Keine übereinstimmenden Quizze gefunden
Verteilung der Resultate
Anzahl Personen mit jedem Resultat
Perzentil nach korrekt beantworteten Fragen
Ihre Resultats-Entwicklung
Sie haben dieses Quiz noch nicht gespielt